LEADER 01518nam a2200301 u 4500 001 000000029368 003 CaOOAMICUS 005 20070226111917.0 008 970304s1993 it u000 u ita u 020 $a88 348 3087 3 035 $a10754022 040 $aPUL$bita 041 1 $aita$hpol 100 1 $aSobánski, Remigiusz,$csac.$0(OLS)http://pul/name/21005 245 13$aLa Chiesa e il suo Diritto :$brealtà teologica e giuridica del diritto ecclesiale /$ccon presentazione di Rinaldo Bertolino; traduzione italiana a cura di R. Bertolino e J. Luther. 260 $aTorino ;$aGiappichelli ,$c1993. 300 $axix, 230 p. ;$c20 cm 490 1 $aCollana di studi di diritto canonico ed ecclesiastico.$aSezione canonistica ;$v13 650 4$aDiritto canonico.$0(OLS)http://pul/subject/1294 650 4$aTeologia e diritto.$0(OLS)http://pul/subject/16865 700 1 $aBertolino, Rinaldo.$0(OLS)http://pul/name/11667 830 0$aCollana di studi di diritto canonico ed ecclesiastico.$pSezione canonistica ;$v13.$0(OLS)http://pul/title/11570 850 $aPUL 852 $aPUL$W1$xSL Diritto Canonico 3$y77$m262. 99 CAN.7 1.1.13$j40702$nBK-PRI$b $qDDC 21$B40702$CPULBib$Z2$F40702 $H74015 $82 941 1 $a9 996 $6020$a88 348 3087 3$9(OLS)http://pul/number/36698 996 $6245$aLa Chiesa e il suo Diritto :$brealtà teologica e giuridica del diritto ecclesiale$9(OLS)http://pul/title/40215 996 $6260$aTorino ;$aGiappichelli $9(OLS)http://pul/publisher/60340 LEADER 01484nam a2200349 u 4500 001 000000092737 003 CaOOAMICUS 005 20070226124954.0 008 061123s2006 it u000 u ita u 020 $a8831530046 035 $a11108076 040 $aPUL$bita 041 1 $aita$hsyr 100 0 $aEphraem Syrus,$cs.,$d303-373.$0(OLS)http://pul/name/30 240 10$aHymni de paradiso.$litaliano.$0(OLS)http://pul/title/119667 245 10$aInni sul Paradiso /$cEfrem il Siro ; introduzione, traduzione e note di Ignazio De Francesco. 260 $aMilano :$bPaoline,$cc2006. 300 $a358 p. ;$c20 cm 490 1 $aLetture cristiane del primo millennio ;$v39 500 $aInclude indici : p.[337]-358. 504 $aBibliografia in note. 630 04$aBiblia.$pV.T.$pGenesis$xCritica e interpretazione.$0(OLS)http://pul/subject/2021 650 4$aParadiso.$0(OLS)http://pul/subject/23337 700 1 $aDe Francesco, Ignazio.$0(OLS)http://pul/name/39209 830 0$aLetture cristiane del primo millennio ;$v39.$0(OLS)http://pul/title/1545 850 $aPUL 852 $aPUL$W1$xSL Religione 3$y85$m264. 23 EFRSY 1$j116589$n $b $qDDC 21$B116589$CPULBib$Z2$F116589 $HPUL101921 $81 900 $aEfrem Siro,$cs.,$d303-373$930 941 1 $a9 996 $6020$a8831530046$9(OLS)http://pul/number/121963 996 $6245$aInni sul Paradiso$9(OLS)http://pul/title/119668 996 $6260$aMilano :$bPaoline$9(OLS)http://pul/publisher/60808